| 000 | 02897nam0a2200553 4500 | ||
|---|---|---|---|
| 001 | RU\NLR\bibl\1058527 | ||
| 005 | 20260408193537.0 | ||
| 010 |
_a978-5-89349-812-7 _bФлинта |
||
| 010 |
_a978-5-02-033390-1 _bНаука _92000 |
||
| 021 |
_aRU _b2007-5527 _9287 |
||
| 035 | _a(NLR Aleph) 001045807 | ||
| 035 | _a(nilc)RSL-KNO-003034541 | ||
| 090 |
_a847357 _c847357 |
||
| 100 | _a20070213d2007 u y0rusy50 ca | ||
| 101 | 0 | _arus | |
| 102 | _aRU | ||
| 105 | _ay z ||||| | ||
| 106 | _ar | ||
| 200 | 1 |
_aРусские: коммуникативное поведение _fЮ. Е. Прохоров, И. А. Стернин |
|
| 205 | _a3-е изд., испр. | ||
| 210 |
_aМосква _cФлинта _cНаука _d2007 |
||
| 215 |
_a326 с. _cтабл. _d20 |
||
| 320 | _aБиблиогр.: с. 308-326 | ||
| 606 | 1 |
_aРусский язык _xПреподавание нерусским _92176781 _3RU\NLR\auth\661309220 |
|
| 606 | 1 |
_aКоммуникация речевая _xПсихолингвистические исследования _92268295 _3RU\NLR\auth\661359663 |
|
| 606 | 1 |
_aЯзык и культура _9990965 _3RU\NLR\auth\6656388 |
|
| 606 | 1 |
_aРусский язык _xРечевой этикет _92374076 _3RU\NLR\auth\661416880 |
|
| 606 |
_aПоведение (этногр.) _xРусские _3RU\NLR\auth\661334625 _92222820 |
||
| 610 | 0 | _aСоциология -- Социальные институты -- Социология духовного развития общества -- Социология языка | |
| 610 | 0 | _aСоциология -- Социальные процессы -- Социальная коммуникация и интеракция (взаимодействие) | |
| 610 | 0 | _aФилологические науки. Художественная литература -- Языкознание -- Индоевропейские языки -- Славянские языки -- Восточнославянские языки -- Русский язык -- Преподавание и методика изучения языка -- Методика преподавания русского языка иностранцам | |
| 686 |
_aС556.74,0 _2rubbk |
||
| 686 |
_aС556.563,0 _2rubbk |
||
| 686 |
_aШ141.2-916.3,0 _2rubbk |
||
| 686 | _aЧ426.132 | ||
| 686 | _aЮ935.132-46 | ||
| 686 | _aЮ935.108 | ||
| 686 | _aС550.67 | ||
| 686 | _aШ100.33 | ||
| 686 | _aШ141.12-72 | ||
| 700 | 1 |
_4070 _8rus _7ca _aПрохоров _bЮ. Е. _cд-р пед. наук, д-р филол. наук _f1948- _gЮрий Евгеньевич _3RU\NLR\AUTH\774774 _9114749 |
|
| 701 | 1 |
_aСтернин _bИ. А. _gИосиф Абрамович _4070 |
|
| 801 | 0 |
_aRU _bРКП _c20070213 _grcr |
|
| 801 | 1 |
_aRU _bРГБ _c20070213 |
|
| 801 | 2 |
_aRU _bNLR _c20070314 _grcr |
|
| 942 | _cBOOK | ||
| 980 | _aNB | ||